Statistics for Wild ancestors of domestic animals

Click here to take the quiz!

General Stats

  • This quiz has been taken 46 times
  • The average score is 6 of 19

Answer Stats

Scientific nameDomestic animalWild ancestorWild ancestor's scientific name% Correct
Canis lupus familiarisDogGray wolfCanis lupus
80%
Sus scrofa domesticusPigWild boarSus scrofa libycus or S. s. moupinensis
60%
Equus africanus asinusDonkeyNubian wild ass and Somali wild assEquus africanus africanus and E. a. somaliensis
46%
Bos taurus taurusTaurine (European) cattleEurasian aurochsBos primigenius primigenius
40%
Bos taurus indicusZebuIndian aurochsBos primigenius namadicus
40%
Felis catusCatAfrican wildcatFelis lybica
37%
Columba livia domesticaPigeonRock doveColumba livia
37%
Cyprinus rubrofuscusKoiAmur carpCyprinus rubrofuscus
31%
Anas platyrhynchos domesticusDuckMallardAnas platyrhynchos
31%
Vicugna pacosAlpacaVicuñaVicugna vicugna
31%
Lama glamaLlamaGuanacoLama guanicoe
23%
Gallus gallus domesticusChickenRed junglefowl and grey junglefowlGallus gallus murghi and G. sonneratii
20%
Mustela putorius furoFerretEuropean polecatMustela putorius
17%
Bos frontalisGayalGaurBos gaurus
14%
Ovis ariesSheepMouflonOvis orientalis orientalis
14%
Capra aegagrus hircusGoatBezoar ibexCapra aegagrus aegagrus
11%
Equus ferus caballusHorseTarpanEquus ferus ferus
11%
Bos javanicus domesticusBali cattleJavan bantengBos javanicus javanicus
6%
Lonchura striata domesticaSociety finchWhite-rumped muniaLonchura striata
3%

Score Distribution

Percentile by Number Answered

Percent of People with Each Score

Your Score History

You have not taken this quiz